01491cgm a22002655a 450000500170000000800410001704100080005808200200006610000310008624500740011725000220019130000640021349000300027752005250030765000720083265000420090465000420094694200200098826400790100833600270108733700330111433800280114704000350117599900150121020220316235838.0021118s2002 ck 026 g s vuspa 0 aspa04a591.9861 bA92 1 aRiaño La Rotta, Fernando00aAves y peces del OrinocohvideograbacióncFernando Riaño La Rotta aPrimera edición a1 videocasete (apróximadamente 26 minutos)bsonido, color0 aExpediciones por Colombia3 aColombia posee la mayor diversidad de aves del mundo, y la Orinoquía es uno de los lugares del país donde se puede apreciar en pleno el espectáculo de sus cantos y plumajes multicolores. Corocoras, alcaravanes, garzas y espátulas, cientos de aves se congregan junto a los espejos de agua cuando las sabanas se inundan. Y allí también están los peces, escalares, curitos, mataguaras, pirañas; un completo ecosistema que vive con la llegada de las lluvias y mantiene la riqueza natural de nuestra nación.14aConservación de la vida silvestrezColombia vVideocasetes 2LEMB14aPeceszColombia vVideocasetes 2LEMB14aAves zColombia vVideocasetes 2LEMB 2ddccVIDEOCASET aBogotá bFernando Riaño Producciones Imágenes de la Naturalezac2002 atextobtxt2rdacontent asin mediaciónbn2rdamedia avolumenbnc2rdacarrier aCO-BoRNBPbspaerdacCO-BoRNBP c2357d2357